01944nam a2200337 a 450000100060000000300090000600500170001500700060003200800400003802000160007804000220009408200390011624501080015526000400026330000360030349000110033950000550035050508260040565000430123165000510127465000460132565000420137170000210141370000210143470000220145570000190147770000270149670000380152370000340156183000110159500164DO-SdBNP20180313123018.000164150130s2001 dr 2001 000 0 spa d a8482613383  aBPMSUbspacBPMSU a373.7 bM425e 1ro 200110aMatemáticas 1:b[educación media] /cOrelvis Féliz... [et. al.] ; editor Andrés Molina Maloon. aSanto Domingo :bSantillana,c2001. a279 p. :bil., retrs. ;c28 cm.1 aUmbral aPrimero de bachillerato. - 1er. curso/Primer Ciclo1 tUnidad 1. - Lógica simbólica --tUnidad 2. - Teoría de conjuntos --tUnidad 3 - Operaciones conjuntistas --tProyecto: El crecimiento de las plantas, la humedad y la luz (I) --tUnidad 4. - Introducción al álgrebra --tUnidad 5.- Operaciones algebraicas --tUnidad 6.- Factorización de polinomios --tUnidad 7.- Ecuaciones de primer grado --tUnidad 8.- Inecuaciones --tProyecto: El crecimiento de las plantas, la humedad y la luz (II) --tUnidad 9.- Intervalos --tUnidad 10 .- Fracciones algebraicas --tProyecto: ¿Cómo rebota una bola? (I) --tUnidad 11 .- Los números complejos --tUnidad 12.- Ecuaciones cuadráticas --tUnidad 13.- Proporcionalidad y semejanza --tUnidad 14. -Ángulos. Medidas angulares --tUnidad 15. -Geometría del espacio --tUnidad 16 .- Estadística y probabilidades -- 4aMATEMÁTICAS xESTUDIOS Y EJERCICIOS 4aEDUCACIÓN SECUNDARIAzREPÚBLICA DOMINICANA 4aEDUCACIÓN SECUNDARIA xLIBROS DE TEXTOS 4aMATEMÁTICASxEDUCACIÓN SECUNDARIA1 aFéliz, Orelvis1 aLaurens, Ramón1 aToribio, César 1 aCueto, Ramón12aNúñez, Ruddy,eil.1 aGarcía de Escobar, Obduliaeed.12aMolina Maloon, Andrés,eed. 0aUmbral